Methodische praxis der literatura wissenschaft

Uloženo v:
Podrobná bibliografie
Hlavní autor: Kimpel, Dieter
Médium: Kniha
Jazyk:Undetermined
Vydáno: Kronberg, Alemania Scriptor 1975
Témata:
Tagy: Přidat tag
Žádné tagy, Buďte první, kdo vytvoří štítek k tomuto záznamu!

MARC

LEADER 00000nam a2200000Ia 4500
008 170316s9999 xx 000 0 und d
040 |a cru BVZT 
090 |a 830 K-7m 
100 |a Kimpel, Dieter 
245 |a Methodische praxis der literatura wissenschaft 
260 |a Kronberg, Alemania 
260 |b Scriptor 
260 |c 1975 
300 |a 323 páginas 
650 |a LITERATURA ALEMANA 
999 |c 7384  |d 7384 
942 |c 15 D  |h 830 K-7m  |2 z